000 00409nam a22001697a 4500
999 _c7830
_d7828
005 20210904142607.0
008 210823b ||||| |||| 00| 0 eng d
020 _a9780521864763
041 _aeng
082 _a347.71
100 _aWALUCHOW, W.J.
_96558
245 _aA COMMON LAW THEORY OF JUDICIAL REVIEW
260 _aNEW YORK
_bCAMBRIDGE
_c2007
300 _a283;p
650 _aLAW
_95701
942 _cBK